Controversial Presidential Relatives Quiz Stats

 Plays Quiz not verified by Sporcle

Score 0/14 Timer 05:00
0 Plays Today
% Correct
Patti Davis
78.5%
Edward 'Ted' Kennedy
72.5%
Alice Roosevelt Longworth
69.8%
Billy Carter
58.2%
Omar Okech Obama
57.6%
Billy Bush
57.3%
Roger Clinton
47.7%
% Correct
Hugh Rodham
40.8%
Neil Bush
33.2%
Michael Reagan
33.1%
Donald A. Nixon
26%
Elliott Roosevelt
24.4%
Chester Alan Arthur II
23.2%
Sam Houston Johnson
13.8%

You're not logged in!

Compare scores with friends on all Sporcle quizzes.
OR
Log In

Sporcle TV

Today on Sporcle TV


Watch our educational content, quiz creation guides, and fun videos on Sporcle TV.

Show Comments

Extras

Top Quizzes Today


Score Distribution

Your Account Isn't Verified!

In order to create a playlist on Sporcle, you need to verify the email address you used during registration. Go to your Sporcle Settings to finish the process.

Report this User

Report this user for behavior that violates our Community Guidelines.

Details: